Blackův právnický slovník
Salvato in:
| Autore principale: | |
|---|---|
| Altri autori: | , , , |
| Natura: | Libro |
| Lingua: | inglese ceco |
| Pubblicazione: |
Praha
Victoria Publ.
1993
|
| Edizione: | 1. vyd. |
| Soggetti: | |
| Tags: |
Nessun Tag, puoi essere il primo ad aggiungerne!!
|
MARC
| LEADER | 00000nam a2200000 4500 | ||
|---|---|---|---|
| 001 | c011762 | ||
| 005 | 20221214083443.6 | ||
| 020 | |a 80-85605-23-6 | ||
| 041 | 0 | |a eng | |
| 041 | 0 | |a cze | |
| 044 | |a CZ | ||
| 245 | 1 | 0 | |a Blackův právnický slovník |c Henry Campbell Black, Joseph R. Nolan, Jacqueline M. Nolan-Haley ; [Z angl. prel.] Vladimír Balaš, Vladimír Drábek |
| 250 | |a 1. vyd. | ||
| 264 | 1 | |a Praha |b Victoria Publ. |c 1993 | |
| 300 | |a S.768-1472 | ||
| 610 | 2 | 0 | |a právo |
| 610 | 2 | 0 | |a terminológia |
| 100 | 1 | |a Black, Henry Campbell | |
| 700 | 1 | |a Nolan, Joseph R. | |
| 700 | 1 | |a Nolan-Haley, Jacqueline M. | |
| 700 | 1 | |a Balaš, Vladimír | |
| 700 | 1 | |a Drábek, Vladimír | |